[Event "DVM U20w 2019"]
[Site "Braunschweig GER"]
[Date "2019.12.28"]
[Round "4"]
[White "Cerkez, Lorena"]
[Black "Danilova, Sofia"]
[Result "1-0"]
[Termination "normal"]
[Board "2.4"]
[WhiteElo "1000"]
[BlackElo "980"]
[WhiteClock "00:17:04"]
[BlackClock "00:40:56"]
[WhiteTeam "Düsseldorfer Schachklub 14/25 e. V."]
[BlackTeam "SV Lingen"]
[PlyCount "91"]
[WhiteFideId "14418614"]
[BlackFideId "16298632"]
[EventCountry "GER"]
[EventRounds "7"]
[EventType "team-swiss"]
[EventDate "2019.12.26"]

1. e4 {[%clk 1:30:58]} g6 {[%clk 1:30:44]} 2. d4 {[%clk 1:30:58]} Bg7 {[%clk
1:31:02]} 3. Nf3 {[%clk 1:31:16]} d6 {[%clk 1:31:12]} 4. Bd3 {[%clk 1:28:35]}
e5 {[%clk 1:30:47]} 5. d5 {[%clk 1:27:32]} c6 {[%clk 1:30:38]} 6. c4 {[%clk
1:21:06]} Nf6 {[%clk 1:29:52]} 7. Nc3 {[%clk 1:20:59]} Nbd7 {[%clk 1:29:18]} 8.
h3 {[%clk 1:20:03]} Nc5 {[%clk 1:29:15]} 9. Bc2 {[%clk 1:19:38]} O-O {[%clk
1:28:52]} 10. O-O {[%clk 1:19:15]} Nh5 {[%clk 1:28:45]} 11. Ne2 {[%clk
1:18:27]} b5 12. b3 {[%clk 1:06:51]} Nf4 {[%clk 1:27:48]} 13. Nxf4 {[%clk
1:05:44]} exf4 {[%clk 1:28:08]} 14. Rb1 {[%clk 1:06:04]} Re8 {[%clk 1:27:19]}
15. Re1 {[%clk 1:06:17]} bxc4 {[%clk 1:25:14]} 16. bxc4 {[%clk 1:05:23]} cxd5
{[%clk 1:25:16]} 17. cxd5 {[%clk 1:05:28]} Bc3 {[%clk 1:22:21]} 18. Bd2 {[%clk
1:04:53]} Bf6 {[%clk 1:21:20]} 19. Bxf4 {[%clk 1:01:34]} Ba6 {[%clk 1:18:32]}
20. Bc1 {[%clk 0:54:18]} Be5 {[%clk 1:13:11]} 21. Nxe5 {[%clk 0:48:19]} dxe5
{[%clk 1:12:53]} 22. Bh6 {[%clk 0:42:21]} Qh4 {[%clk 1:11:23]} 23. Bc1 {[%clk
0:35:45]} Rab8 {[%clk 1:07:05]} 24. Ba3 {[%clk 0:33:22]} Nd7 {[%clk 1:05:38]}
25. Ba4 {[%clk 0:30:10]} Red8 {[%clk 1:05:42]} 26. Rxb8 {[%clk 0:26:36]} Nxb8
{[%clk 1:05:22]} 27. Bc2 {[%clk 0:25:27]} Nd7 {[%clk 1:04:17]} 28. Bd3 {[%clk
0:25:27]} Bc8 {[%clk 1:04:20]} 29. Qe2 {[%clk 0:24:41]} Nf6 {[%clk 1:03:49]}
30. Be7 {[%clk 0:23:55]} Re8 {[%clk 1:01:33]} 31. Bxf6 {[%clk 0:23:40]} Qxf6
{[%clk 1:01:44]} 32. Rc1 {[%clk 0:23:24]} Qg5 {[%clk 1:01:29]} 33. Qe3 {[%clk
0:22:38]} Qh4 {[%clk 1:00:11]} 34. Bb5 {[%clk 0:22:16]} Rd8 {[%clk 0:58:53]}
35. Rc7 {[%clk 0:20:47]} Qf6 {[%clk 0:53:43]} 36. Qc5 {[%clk 0:20:00]} Ba6
{[%clk 0:49:38]} 37. Rc6 {[%clk 0:19:35]} Qf4 {[%clk 0:48:23]} 38. Bxa6 {[%clk
0:18:01]} Kg7 {[%clk 0:45:53]} 39. Rc8 {[%clk 0:16:28]} Rxc8 {[%clk 0:44:57]}
40. Bxc8 {[%clk 0:16:28]} Qxe4 {[%clk 0:44:20]} 41. d6 {[%clk 0:16:12]} Qb1+
{[%clk 0:42:55]} 42. Kh2 {[%clk 0:16:22]} e4 {[%clk 0:42:17]} 43. d7 {[%clk
0:16:15]} e3 {[%clk 0:41:25]} 44. Qxe3 {[%clk 0:16:19]} Qb8+ {[%clk 0:41:36]}
45. Qg3 {[%clk 0:16:45]} Qxg3+ {[%clk 0:40:56]} 46. Kxg3 {[%clk 0:17:04]} 1-0

[Event "DVM U20w 2019"]
[Site "Braunschweig GER"]
[Date "2019.12.28"]
[Round "4"]
[White "Ziegenfuß, Antonia"]
[Black "Jacoby, Angelina"]
[Result "1-0"]
[Termination "normal"]
[Board "3.1"]
[WhiteTitle "WFM"]
[WhiteElo "2052"]
[BlackElo "1635"]
[WhiteClock "00:12:22"]
[BlackClock "00:46:44"]
[WhiteTeam "OSG Baden-Baden"]
[BlackTeam "Leegebrucher Schachfreunde"]
[PlyCount "65"]
[WhiteFideId "12962554"]
[BlackFideId "12999008"]
[EventCountry "GER"]
[EventRounds "7"]
[EventType "team-swiss"]
[EventDate "2019.12.26"]

1. d4 {[%clk 1:30:58]} d5 {[%clk 1:30:54]} 2. c4 {[%clk 1:31:24]} e6 {[%clk
1:31:19]} 3. Nc3 {[%clk 1:31:48]} Nf6 {[%clk 1:31:43]} 4. cxd5 {[%clk 1:32:11]}
exd5 {[%clk 1:32:07]} 5. Bg5 {[%clk 1:32:37]} Be7 {[%clk 1:31:00]} 6. e3 {[%clk
1:32:55]} c6 {[%clk 1:31:01]} 7. Bd3 {[%clk 1:32:43]} Nbd7 {[%clk 1:30:58]} 8.
Nge2 {[%clk 1:32:56]} h6 {[%clk 1:29:34]} 9. Bh4 {[%clk 1:32:54]} Nh5 {[%clk
1:28:38]} 10. Bxe7 {[%clk 1:32:25]} Qxe7 {[%clk 1:29:01]} 11. Qc2 {[%clk
1:31:57]} O-O {[%clk 1:27:39]} 12. O-O-O {[%clk 1:26:45]} Nhf6 {[%clk 1:27:51]}
13. h3 {[%clk 1:24:07]} b5 {[%clk 1:23:58]} 14. g4 {[%clk 1:22:35]} Re8 {[%clk
1:22:01]} 15. Ng3 {[%clk 1:15:02]} Nb6 {[%clk 1:22:15]} 16. Nf5 {[%clk
1:09:11]} Bxf5 {[%clk 1:20:18]} 17. gxf5 {[%clk 1:02:27]} Ne4 {[%clk 1:16:52]}
18. Bxe4 {[%clk 0:52:16]} dxe4 {[%clk 1:17:03]} 19. Rhg1 {[%clk 0:46:46]} a5
{[%clk 1:15:11]} 20. Rg4 {[%clk 0:44:19]} Nd5 {[%clk 1:09:28]} 21. Rdg1 {[%clk
0:34:58]} f6 {[%clk 1:08:58]} 22. Nxe4 {[%clk 0:30:53]} Kh8 {[%clk 1:02:58]}
23. Nc5 {[%clk 0:28:55]} Rg8 {[%clk 1:01:18]} 24. Ne6 {[%clk 0:27:11]} Nb4
{[%clk 0:58:07]} 25. Qe2 {[%clk 0:24:05]} Nxa2+ {[%clk 0:56:40]} 26. Kb1 {[%clk
0:24:23]} Nb4 {[%clk 0:56:42]} 27. Rg6 {[%clk 0:14:18]} Ra7 {[%clk 0:52:17]}
28. Qg4 {[%clk 0:12:38]} Qf7 {[%clk 0:51:14]} 29. Qh5 {[%clk 0:12:10]} Rd7
{[%clk 0:46:17]} 30. Rxh6+ {[%clk 0:11:42]} gxh6 {[%clk 0:46:25]} 31. Qxh6+
{[%clk 0:12:07]} Qh7 {[%clk 0:46:39]} 32. Rxg8+ {[%clk 0:12:32]} Kxg8 {[%clk
0:46:44]} 33. Qf8# {[%clk 0:12:22]} 1-0

[Event "DVM U20w 2019"]
[Site "Braunschweig GER"]
[Date "2019.12.28"]
[Round "4"]
[White "Schiewe, Nadin"]
[Black "Doll, Rebecca"]
[Result "0-1"]
[Termination "normal"]
[Board "3.2"]
[WhiteElo "1629"]
[BlackElo "1659"]
[WhiteClock "00:17:32"]
[BlackClock "00:16:36"]
[WhiteTeam "Leegebrucher Schachfreunde"]
[BlackTeam "OSG Baden-Baden"]
[PlyCount "119"]
[WhiteFideId "16209079"]
[BlackFideId "16236890"]
[EventCountry "GER"]
[EventRounds "7"]
[EventType "team-swiss"]
[EventDate "2019.12.26"]

1. d4 {[%clk 1:30:57]} d5 {[%clk 1:30:52]} 2. Nf3 {[%clk 1:31:21]} e6 {[%clk
1:31:01]} 3. e3 {[%clk 1:31:14]} Nf6 {[%clk 1:31:00]} 4. Bd3 {[%clk 1:31:20]}
c5 {[%clk 1:30:20]} 5. c3 {[%clk 1:31:24]} Nc6 {[%clk 1:30:28]} 6. Nbd2 {[%clk
1:31:09]} b6 {[%clk 1:28:32]} 7. Bb5 {[%clk 1:23:18]} Bd7 {[%clk 1:28:05]} 8.
O-O {[%clk 1:23:15]} Bd6 {[%clk 1:25:46]} 9. Re1 {[%clk 1:21:52]} O-O {[%clk
1:25:07]} 10. Qe2 {[%clk 1:18:33]} Qc7 {[%clk 1:19:16]} 11. Bd3 {[%clk
1:13:45]} Rfe8 {[%clk 1:16:14]} 12. h3 {[%clk 1:08:09]} Rad8 {[%clk 1:07:37]}
13. b3 {[%clk 1:04:21]} e5 {[%clk 1:04:36]} 14. dxe5 {[%clk 1:04:12]} Nxe5
{[%clk 1:04:40]} 15. Nxe5 {[%clk 1:03:46]} Bxe5 {[%clk 1:04:38]} 16. Bb2 {[%clk
1:03:57]} Bc6 {[%clk 0:52:45]} 17. Nf3 {[%clk 1:00:37]} Bd6 {[%clk 0:50:25]}
18. Qc2 {[%clk 0:58:36]} h6 {[%clk 0:43:11]} 19. Rad1 {[%clk 0:51:05]} Qb7
{[%clk 0:40:43]} 20. Be2 {[%clk 0:48:03]} Ne4 {[%clk 0:32:39]} 21. a4 {[%clk
0:42:53]} Bb8 {[%clk 0:28:23]} 22. Bb5 {[%clk 0:39:16]} Rd6 {[%clk 0:16:09]}
23. Bxc6 {[%clk 0:37:37]} Qxc6 {[%clk 0:16:18]} 24. c4 {[%clk 0:36:38]} dxc4
{[%clk 0:14:36]} 25. Qxc4 {[%clk 0:34:25]} Red8 {[%clk 0:08:06]} 26. Rxd6
{[%clk 0:26:25]} Rxd6 {[%clk 0:03:54]} 27. Be5 {[%clk 0:22:35]} Rg6 {[%clk
0:03:10]} 28. Bxb8 {[%clk 0:11:18]} Nd2 {[%clk 0:03:12]} 29. Qxf7+ {[%clk
0:07:20]} Kxf7 {[%clk 0:02:10]} 30. Ne5+ {[%clk 0:07:44]} Ke8 {[%clk 0:02:08]}
31. Nxc6 {[%clk 0:08:01]} Nf3+ {[%clk 0:01:52]} 32. Kf1 {[%clk 0:08:08]} Nxe1
{[%clk 0:02:19]} 33. Ne5 {[%clk 0:08:12]} Rxg2 {[%clk 0:01:37]} 34. Kxe1 {[%clk
0:08:28]} a6 {[%clk 0:01:17]} 35. Ba7 {[%clk 0:06:52]} Rg5 {[%clk 0:01:25]} 36.
Nd3 {[%clk 0:06:26]} b5 {[%clk 0:01:35]} 37. axb5 axb5 {[%clk 0:01:27]} 38.
Bxc5 {[%clk 0:06:52]} Rh5 {[%clk 0:01:42]} 39. Bd4 {[%clk 0:06:43]} Kf7 {[%clk
0:01:06]} 40. Nf4 {[%clk 0:05:41]} Rh4 {[%clk 0:01:19]} 41. b4 {[%clk 0:02:41]}
g5 {[%clk 0:30:05]} 42. Nd5 {[%clk 0:33:17]} Rxh3 {[%clk 0:30:05]} 43. Nc7
{[%clk 0:33:03]} Rh1+ {[%clk 0:29:59]} 44. Ke2 {[%clk 0:32:39]} Rb1 {[%clk
0:29:31]} 45. Bc5 {[%clk 0:32:42]} g4 {[%clk 0:29:03]} 46. Nxb5 {[%clk
0:32:26]} h5 {[%clk 0:29:05]} 47. Nd6+ {[%clk 0:32:21]} Ke6 {[%clk 0:28:20]}
48. b5 {[%clk 0:29:32]} h4 {[%clk 0:28:08]} 49. b6 {[%clk 0:24:41]} h3 {[%clk
0:25:27]} 50. Ne4 {[%clk 0:23:58]} h2 {[%clk 0:19:13]} 51. Ng3 {[%clk 0:24:16]}
Kd7 {[%clk 0:18:42]} 52. b7 {[%clk 0:18:12]} Kc7 {[%clk 0:18:28]} 53. b8=Q+
{[%clk 0:17:54]} Kxb8 {[%clk 0:18:42]} 54. f4 {[%clk 0:16:55]} Rg1 {[%clk
0:17:22]} 55. Kf2 {[%clk 0:16:21]} Rxg3 {[%clk 0:16:52]} 56. Kxg3 {[%clk
0:16:45]} h1=Q {[%clk 0:17:16]} 57. Kxg4 {[%clk 0:16:58]} Qg2+ {[%clk 0:16:59]}
58. Kh4 {[%clk 0:17:03]} Kc7 {[%clk 0:16:57]} 59. Bd4 {[%clk 0:17:22]} Kd6
{[%clk 0:16:36]} 60. Kh5 {[%clk 0:17:32]} 0-1

[Event "DVM U20w 2019"]
[Site "Braunschweig GER"]
[Date "2019.12.28"]
[Round "4"]
[White "Visvikis, Kassandra"]
[Black "Kung, Fanny"]
[Result "1-0"]
[Termination "normal"]
[Board "3.3"]
[WhiteElo "1568"]
[BlackElo "1426"]
[WhiteClock "00:37:57"]
[BlackClock "00:20:41"]
[WhiteTeam "OSG Baden-Baden"]
[BlackTeam "Leegebrucher Schachfreunde"]
[PlyCount "83"]
[WhiteFideId "36052167"]
[BlackFideId "12987689"]
[EventCountry "GER"]
[EventRounds "7"]
[EventType "team-swiss"]
[EventDate "2019.12.26"]

1. e4 {[%clk 1:30:58]} d5 {[%clk 1:30:54]} 2. exd5 {[%clk 1:31:24]} Qxd5 {[%clk
1:31:17]} 3. Nc3 {[%clk 1:31:48]} Qd6 {[%clk 1:31:42]} 4. Bc4 {[%clk 1:31:33]}
Nf6 {[%clk 1:31:43]} 5. d3 {[%clk 1:31:41]} a6 {[%clk 1:31:46]} 6. a3 {[%clk
1:31:15]} e6 {[%clk 1:31:17]} 7. Nge2 {[%clk 1:29:41]} b5 {[%clk 1:31:09]} 8.
Ba2 {[%clk 1:29:59]} Bb7 {[%clk 1:30:54]} 9. f3 {[%clk 1:29:56]} c5 {[%clk
1:29:11]} 10. Bf4 {[%clk 1:28:45]} Qb6 {[%clk 1:26:19]} 11. Qd2 {[%clk
1:24:57]} Nc6 {[%clk 1:24:14]} 12. Be3 {[%clk 1:19:28]} Qc7 {[%clk 1:23:27]}
13. O-O {[%clk 1:14:21]} Be7 {[%clk 1:20:20]} 14. Ng3 {[%clk 1:13:43]} O-O
{[%clk 1:17:32]} 15. Nce4 {[%clk 1:13:21]} Na5 {[%clk 1:08:48]} 16. Kh1 {[%clk
1:09:39]} Rfd8 {[%clk 1:05:01]} 17. Qf2 {[%clk 1:04:48]} Bxe4 {[%clk 1:00:01]}
18. Nxe4 {[%clk 1:05:02]} Nb7 {[%clk 1:00:14]} 19. b4 {[%clk 1:03:51]} Rac8
{[%clk 0:59:21]} 20. Rad1 {[%clk 0:58:08]} Rd7 {[%clk 0:57:15]} 21. bxc5 {[%clk
0:57:14]} Nxc5 {[%clk 0:57:10]} 22. Bxc5 {[%clk 0:47:08]} Nxe4 {[%clk 0:54:30]}
23. fxe4 {[%clk 0:47:16]} Bxc5 {[%clk 0:54:51]} 24. Qh4 {[%clk 0:46:38]} Bxa3
{[%clk 0:47:02]} 25. Qg4 {[%clk 0:46:56]} Re7 {[%clk 0:44:03]} 26. Rf2 {[%clk
0:45:57]} Bd6 {[%clk 0:40:04]} 27. h4 {[%clk 0:44:35]} h6 {[%clk 0:37:44]} 28.
Rdf1 {[%clk 0:44:52]} Rf8 {[%clk 0:37:36]} 29. d4 {[%clk 0:40:36]} Qd7 {[%clk
0:35:14]} 30. e5 {[%clk 0:40:02]} Bc7 {[%clk 0:33:17]} 31. h5 {[%clk 0:39:44]}
Kh8 {[%clk 0:32:41]} 32. c3 {[%clk 0:38:11]} Qe8 {[%clk 0:30:14]} 33. Bb1
{[%clk 0:38:15]} Rg8 {[%clk 0:29:55]} 34. Qe4 {[%clk 0:38:00]} g6 {[%clk
0:30:08]} 35. Qf4 {[%clk 0:36:32]} g5 {[%clk 0:25:59]} 36. Qf6+ {[%clk
0:36:48]} Rg7 {[%clk 0:25:37]} 37. Qxh6+ {[%clk 0:36:51]} Kg8 {[%clk 0:26:00]}
38. Qf6 {[%clk 0:36:53]} Bd8 {[%clk 0:24:23]} 39. h6 {[%clk 0:37:01]} Qf8
{[%clk 0:19:58]} 40. Qxg7+ {[%clk 0:37:09]} Qxg7 {[%clk 0:20:18]} 41. hxg7
{[%clk 0:37:36]} Kxg7 {[%clk 0:20:41]} 42. g4 {[%clk 0:37:57]} 1-0

[Event "DVM U20w 2019"]
[Site "Braunschweig GER"]
[Date "2019.12.28"]
[Round "4"]
[White "Sauer, Annika"]
[Black "Nanthivarman, Merymuthu"]
[Result "1-0"]
[Termination "normal"]
[Board "3.4"]
[WhiteElo "1569"]
[BlackElo "1260"]
[WhiteClock "00:39:25"]
[BlackClock "00:50:49"]
[WhiteTeam "Leegebrucher Schachfreunde"]
[BlackTeam "OSG Baden-Baden"]
[PlyCount "121"]
[WhiteFideId "12952052"]
[BlackFideId "16255755"]
[EventCountry "GER"]
[EventRounds "7"]
[EventType "team-swiss"]
[EventDate "2019.12.26"]

1. d4 {[%clk 1:30:59]} c5 {[%clk 1:30:53]} 2. e3 {[%clk 1:29:27]} cxd4 {[%clk
1:31:17]} 3. exd4 {[%clk 1:29:41]} d5 {[%clk 1:31:40]} 4. Nf3 {[%clk 1:27:53]}
Nc6 {[%clk 1:31:49]} 5. c3 {[%clk 1:22:35]} Bg4 {[%clk 1:32:03]} 6. Be2 {[%clk
1:22:52]} Nf6 {[%clk 1:31:40]} 7. Bf4 {[%clk 1:21:31]} e6 {[%clk 1:31:59]} 8.
Nbd2 {[%clk 1:11:16]} Be7 {[%clk 1:32:11]} 9. O-O {[%clk 1:11:27]} O-O {[%clk
1:32:29]} 10. h3 {[%clk 1:05:45]} Bh5 {[%clk 1:32:47]} 11. Re1 {[%clk 1:05:39]}
Bxf3 {[%clk 1:26:38]} 12. Nxf3 {[%clk 0:57:46]} Nh5 {[%clk 1:24:32]} 13. Qd2
{[%clk 0:52:01]} Nxf4 {[%clk 1:24:39]} 14. Qxf4 {[%clk 0:52:24]} Bd6 {[%clk
1:24:58]} 15. Qd2 {[%clk 0:50:48]} e5 {[%clk 1:22:15]} 16. dxe5 {[%clk
0:50:51]} Bxe5 {[%clk 1:21:50]} 17. Nxe5 {[%clk 0:50:28]} Nxe5 {[%clk 1:22:05]}
18. Rad1 {[%clk 0:44:36]} Nc4 {[%clk 1:17:55]} 19. Bxc4 {[%clk 0:42:29]} dxc4
{[%clk 1:18:04]} 20. Qxd8 {[%clk 0:42:36]} Raxd8 {[%clk 1:18:29]} 21. Rxd8
{[%clk 0:42:56]} Rxd8 {[%clk 1:18:55]} 22. Re7 {[%clk 0:43:11]} g6 {[%clk
1:04:36]} 23. Rxb7 {[%clk 0:42:43]} Rd1+ {[%clk 1:04:44]} 24. Kh2 {[%clk
0:43:07]} Rd2 {[%clk 1:05:06]} 25. Kg3 {[%clk 0:42:49]} a5 {[%clk 1:03:28]} 26.
a3 {[%clk 0:41:10]} Kg7 {[%clk 1:02:03]} 27. Kf3 {[%clk 0:40:49]} Rd3+ {[%clk
0:53:24]} 28. Ke2 {[%clk 0:41:03]} Rd5 {[%clk 0:51:45]} 29. a4 {[%clk 0:38:32]}
Re5+ {[%clk 0:51:29]} 30. Kd2 {[%clk 0:37:15]} Rd5+ {[%clk 0:51:50]} 31. Ke3
{[%clk 0:37:34]} Rd3+ {[%clk 0:52:00]} 32. Ke2 {[%clk 0:37:58]} Rd5 {[%clk
0:50:35]} 33. Rb5 {[%clk 0:38:14]} Rd6 {[%clk 0:47:34]} 34. Rxa5 {[%clk
0:38:20]} Kf6 {[%clk 0:46:32]} 35. Rc5 {[%clk 0:37:02]} Re6+ {[%clk 0:46:11]}
36. Kf3 {[%clk 0:36:23]} Rb6 {[%clk 0:44:58]} 37. Rb5 {[%clk 0:36:20]} Ra6
{[%clk 0:45:15]} 38. a5 {[%clk 0:36:45]} Ke7 {[%clk 0:45:19]} 39. Ke4 {[%clk
0:35:58]} Kd7 {[%clk 0:45:29]} 40. Kd4 {[%clk 0:36:21]} Kc6 {[%clk 0:45:38]}
41. Rb6+ {[%clk 0:36:38]} Rxb6 {[%clk 0:46:03]} 42. axb6 {[%clk 0:37:03]} Kxb6
{[%clk 0:46:29]} 43. Kxc4 {[%clk 0:37:29]} Kc6 {[%clk 0:46:45]} 44. b4 {[%clk
0:36:22]} f5 {[%clk 0:45:26]} 45. b5+ {[%clk 0:36:30]} Kb6 {[%clk 0:45:42]} 46.
Kd5 {[%clk 0:36:43]} Kc7 {[%clk 0:45:52]} 47. c4 {[%clk 0:36:43]} Kb6 {[%clk
0:46:11]} 48. Kd6 {[%clk 0:36:27]} Kb7 {[%clk 0:46:33]} 49. c5 {[%clk 0:36:52]}
h6 {[%clk 0:46:56]} 50. b6 {[%clk 0:36:37]} g5 {[%clk 0:47:16]} 51. c6+ {[%clk
0:36:58]} Kxb6 {[%clk 0:47:38]} 52. Kd7 {[%clk 0:37:24]} f4 {[%clk 0:47:55]}
53. c7 {[%clk 0:37:48]} h5 {[%clk 0:48:20]} 54. c8=Q {[%clk 0:38:09]} Kb5
{[%clk 0:48:39]} 55. Kd6 {[%clk 0:38:00]} Kb4 {[%clk 0:48:57]} 56. Kd5 {[%clk
0:38:22]} Kb3 {[%clk 0:49:19]} 57. Kd4 {[%clk 0:38:47]} Kb2 {[%clk 0:49:41]}
58. Qc3+ {[%clk 0:38:50]} Kb1 {[%clk 0:50:03]} 59. Qd2 {[%clk 0:39:06]} Ka1
{[%clk 0:50:26]} 60. Kc3 {[%clk 0:39:25]} Kb1 {[%clk 0:50:49]} 61. Qb2# 1-0

[Event "DVM U20w 2019"]
[Site "Braunschweig GER"]
[Date "2019.12.28"]
[Round "4"]
[White "Hallfarth, Luise"]
[Black "Peglau, Dora"]
[Result "0-1"]
[Termination "normal"]
[Board "4.4"]
[WhiteElo "1517"]
[BlackElo "1502"]
[WhiteClock "00:53:06"]
[BlackClock "00:08:56"]
[WhiteTeam "SK Nordhorn-Blanke"]
[BlackTeam "Schachzentrum Seeblick e. V."]
[PlyCount "58"]
[WhiteFideId "16250222"]
[BlackFideId "16220005"]
[EventCountry "GER"]
[EventRounds "7"]
[EventType "team-swiss"]
[EventDate "2019.12.26"]

1. d4 {[%clk 1:30:54]} d5 {[%clk 1:30:56]} 2. Nf3 {[%clk 1:31:17]} Nf6 {[%clk
1:31:21]} 3. Bf4 {[%clk 1:31:40]} Bf5 {[%clk 1:31:49]} 4. e3 {[%clk 1:31:37]}
e6 {[%clk 1:32:18]} 5. c3 {[%clk 1:29:22]} Bd6 {[%clk 1:32:07]} 6. Bd3 {[%clk
1:26:56]} Bg6 {[%clk 1:29:30]} 7. O-O {[%clk 1:26:00]} O-O {[%clk 1:29:39]} 8.
h3 {[%clk 1:25:07]} Bxf4 {[%clk 1:28:59]} 9. exf4 {[%clk 1:25:24]} Nbd7 {[%clk
1:29:03]} 10. Ne5 {[%clk 1:25:09]} c5 {[%clk 1:19:01]} 11. Bxg6 {[%clk
1:16:27]} hxg6 {[%clk 1:18:05]} 12. Nd2 {[%clk 1:16:19]} cxd4 {[%clk 1:15:24]}
13. cxd4 {[%clk 1:16:25]} Qb6 {[%clk 1:11:08]} 14. Nb3 {[%clk 1:15:18]} Rac8
{[%clk 1:10:24]} 15. Rc1 {[%clk 1:13:55]} Rc7 {[%clk 1:09:09]} 16. Qd2 {[%clk
1:10:45]} Rfc8 {[%clk 1:07:24]} 17. Rxc7 {[%clk 1:09:50]} Rxc7 {[%clk 1:07:36]}
18. Rc1 {[%clk 1:09:57]} Ne4 {[%clk 0:46:18]} 19. Qe3 {[%clk 1:02:51]} Ndf6
{[%clk 0:41:54]} 20. f3 {[%clk 1:01:03]} Ng3 {[%clk 0:36:32]} 21. Kh2 {[%clk
0:59:45]} Nf5 {[%clk 0:35:15]} 22. Qd2 {[%clk 0:59:24]} Nd6 {[%clk 0:15:03]}
23. Nc5 {[%clk 0:58:52]} Qb5 {[%clk 0:11:22]} 24. g4 {[%clk 0:55:08]} b6 {[%clk
0:10:40]} 25. Nb3 {[%clk 0:54:59]} Rxc1 {[%clk 0:09:21]} 26. Qxc1 {[%clk
0:54:15]} Qe2+ {[%clk 0:09:10]} 27. Kg3 {[%clk 0:54:10]} Nde4+ {[%clk 0:08:34]}
28. fxe4 {[%clk 0:52:57]} Nxe4+ {[%clk 0:08:56]} 29. Kh4 {[%clk 0:53:06]} Qf2#
0-1

[Event "DVM U20w 2019"]
[Site "Braunschweig GER"]
[Date "2019.12.28"]
[Round "4"]
[White "Hartmann, Cora"]
[Black "Jörs, Pia-Milena"]
[Result "1/2-1/2"]
[Termination "normal"]
[Board "5.2"]
[WhiteElo "1842"]
[BlackElo "1646"]
[WhiteClock "00:00:45"]
[BlackClock "00:13:56"]
[WhiteTeam "SC Borussia Lichtenberg"]
[BlackTeam "SG Güstrow/Teterow"]
[PlyCount "107"]
[WhiteFideId "16200764"]
[BlackFideId "12964646"]
[EventCountry "GER"]
[EventRounds "7"]
[EventType "team-swiss"]
[EventDate "2019.12.26"]

1. e4 {[%clk 1:30:58]} c6 {[%clk 1:30:55]} 2. d4 {[%clk 1:31:21]} d5 {[%clk
1:31:20]} 3. Nc3 {[%clk 1:31:46]} dxe4 {[%clk 1:31:42]} 4. Nxe4 {[%clk
1:32:09]} Bf5 {[%clk 1:32:01]} 5. Ng3 {[%clk 1:32:32]} Bg6 {[%clk 1:32:18]} 6.
h4 {[%clk 1:32:54]} h6 {[%clk 1:32:41]} 7. Nf3 {[%clk 1:33:14]} Nd7 {[%clk
1:32:50]} 8. h5 {[%clk 1:33:37]} Bh7 {[%clk 1:33:14]} 9. Bd3 {[%clk 1:34:01]}
Bxd3 {[%clk 1:33:34]} 10. Qxd3 {[%clk 1:34:26]} e6 {[%clk 1:33:35]} 11. Bf4
{[%clk 1:34:41]} Ngf6 {[%clk 1:33:40]} 12. O-O-O {[%clk 1:34:54]} Nd5 {[%clk
1:29:06]} 13. Bd2 {[%clk 1:32:25]} Qc7 {[%clk 1:28:44]} 14. Ne4 {[%clk
1:28:44]} O-O-O {[%clk 1:28:02]} 15. c4 {[%clk 1:25:16]} N5f6 {[%clk 1:23:36]}
16. Kb1 {[%clk 1:21:33]} Nxe4 {[%clk 1:23:06]} 17. Qxe4 {[%clk 1:22:01]} Nf6
{[%clk 1:22:39]} 18. Qc2 {[%clk 1:15:58]} c5 {[%clk 1:17:43]} 19. Bc3 {[%clk
1:05:27]} Be7 {[%clk 1:06:04]} 20. dxc5 {[%clk 0:48:53]} Qxc5 {[%clk 0:59:31]}
21. Ne5 {[%clk 0:46:19]} Rxd1+ {[%clk 0:58:55]} 22. Rxd1 {[%clk 0:46:29]} Rd8
{[%clk 0:41:29]} 23. Rxd8+ {[%clk 0:42:01]} Bxd8 {[%clk 0:40:12]} 24. Nxf7
{[%clk 0:38:08]} Qxh5 {[%clk 0:33:52]} 25. Nxd8 {[%clk 0:24:18]} Kxd8 {[%clk
0:33:49]} 26. Qd2+ {[%clk 0:23:47]} Kc8 {[%clk 0:33:46]} 27. f3 {[%clk
0:18:08]} e5 {[%clk 0:30:19]} 28. Qe2 {[%clk 0:16:35]} Qf5+ {[%clk 0:28:43]}
29. Kc1 {[%clk 0:15:27]} Nd7 {[%clk 0:27:56]} 30. g4 {[%clk 0:12:36]} Qf4+
{[%clk 0:27:21]} 31. Kc2 {[%clk 0:12:25]} g6 {[%clk 0:21:40]} 32. Bd2 {[%clk
0:08:52]} Qf8 {[%clk 0:22:01]} 33. Qe4 {[%clk 0:08:01]} g5 {[%clk 0:18:15]} 34.
Bc3 {[%clk 0:07:06]} Qf6 {[%clk 0:17:44]} 35. b4 {[%clk 0:04:38]} Kc7 {[%clk
0:16:23]} 36. a4 {[%clk 0:02:54]} Qe6 {[%clk 0:12:59]} 37. Qd5 {[%clk 0:02:47]}
Qg6+ {[%clk 0:11:36]} 38. Qd3 {[%clk 0:02:21]} Qc6 {[%clk 0:11:05]} 39. Kb3
{[%clk 0:01:54]} Qb6 {[%clk 0:08:18]} 40. Qd5 {[%clk 0:00:54]} Qe3 {[%clk
0:01:06]} 41. c5 {[%clk 0:26:17]} a5 {[%clk 0:28:54]} 42. Qd6+ {[%clk 0:23:37]}
Kd8 {[%clk 0:25:14]} 43. Qd5 {[%clk 0:20:51]} axb4 {[%clk 0:25:07]} 44. Kxb4
{[%clk 0:21:11]} Qf4+ {[%clk 0:25:06]} 45. Kb5 {[%clk 0:20:21]} Kc8 {[%clk
0:24:25]} 46. Qg8+ {[%clk 0:19:25]} Nf8 {[%clk 0:19:53]} 47. Qd5 {[%clk
0:13:01]} Nd7 {[%clk 0:19:12]} 48. Ba5 {[%clk 0:13:07]} Qf6 {[%clk 0:15:28]}
49. Bc3 {[%clk 0:06:48]} Kc7 {[%clk 0:14:03]} 50. Bb2 {[%clk 0:03:12]} Qa6+
{[%clk 0:14:05]} 51. Kb4 {[%clk 0:03:36]} Qf6 {[%clk 0:14:08]} 52. a5 {[%clk
0:03:00]} Qf4+ {[%clk 0:14:02]} 53. Kb5 {[%clk 0:01:59]} Qf6 {[%clk 0:13:56]}
54. Kb4 {[%clk 0:00:45]} 1/2-1/2